| 000 | 00688nam a22001937a 4500 | ||
|---|---|---|---|
| 008 | 160413b xxu||||| |||| 00| 0 eng d | ||
| 020 | _a978-971-9925-03-3 | ||
| 082 |
_22016 _aDFil 336.2 _bV23t |
||
| 100 |
_917212 _aValencia, Edwin G. |
||
| 245 |
_aTransfer and business taxation: _bprinciples and laws with accounting applications/ _cEdwin G. Valencia and Gregorio F. Roxas. |
||
| 250 | _a7th Edition | ||
| 260 |
_aBaguio City: _bValencia Educational Supply, _cc2016. |
||
| 300 |
_a779 pages: _billustrations; _c23 cm. |
||
| 650 | 0 |
_917213 _aTaxation |
|
| 650 | 0 |
_917214 _aInheritance and transfer tax |
|
| 700 |
_917215 _aRoxas, Gregorio F. |
||
| 365 |
_b765.00 _cPhp |
||
| 942 |
_2ddc _cDFIL |
||
| 999 |
_c5608 _d5608 |
||